Geburtsorte der Weltmeister 1990 - Statistiken

Allgemein
  • Dieses Quiz wurde 31 mal gespielt
  • Das Durchschnittsergebnis liegt bei 10 aus 23
Antwortstatistiken
Frage Antwort % Korrekt
Hans Pflüger Freising
100%
Olaf Thon Gelsenkirchen
100%
Thomas Häßler West-Berlin
100%
Frank Mill Essen
75%
Andreas Brehme Hamburg
75%
Rudi Völler Hanau
75%
Trainer: Franz Beckenbauer München
75%
Andreas Möller Frankfurt
50%
Jürgen Klinsmann Göppingen
50%
Pierre Littbarski West-Berlin
50%
Raimond Aumann Augsburg
25%
Stefan Reuter Dinkelsbühl
25%
Klaus Augenthaler Fürstenzell
25%
Thomas Berthold Hanau
25%
Uwe Bein Heringen (Werra)
25%
Andreas Köpke Kiel
25%
Jürgen Kohler Lambsheim
25%
Karl-Heinz Riedle Weiler im Allgäu
25%
Guido Buchwald West-Berlin
25%
Lothar Matthäus Erlangen
0%
Bodo Illgner Koblenz
0%
Günter Hermann Rehburg
0%
Paul Steiner Waldbrunn
0%
Keine übereinstimmenden Quizze gefunden
Verteilung der Resultate
Anzahl Personen mit jedem Resultat
Perzentil nach korrekt beantworteten Fragen
Ihre Resultats-Entwicklung
Sie haben dieses Quiz noch nicht gespielt